Regionálna dimenzia cestovného ruchu dizertačná práca

Uložené v:
Podrobná bibliografia
Hlavný autor: Šeben, Zoltán
Korporativný autor: Ekonomická univerzita v Bratislave. Národohospodárska fakulta
Ďalší autori: Mišúnová, Ema
Médium: Kniha
Jazyk:Slovak
Vydavateľské údaje: Bratislava 2010
Predmet:
Tagy: Pridať tag
Žiadne tagy, Buďte prvý, kto otaguje tento záznam!

MARC

LEADER 00000nam a2200000 4500
001 0125844
005 20240502072432.7
041 0 |a slo 
044 |a SK 
245 1 0 |a Regionálna dimenzia cestovného ruchu  |b dizertačná práca  |c Zoltán Šeben ; škol. Ema Mišúnová 
264 1 |a Bratislava  |c 2010 
300 |a 172 s. 
610 2 0 |a ruch cestovný 
610 2 0 |a regióny 
610 2 0 |a konkurencieschopnosť 
610 2 0 |a vzdelávanie 
100 1 |a Šeben, Zoltán 
700 1 |a Mišúnová, Ema 
710 2 |a Ekonomická univerzita v Bratislave. Národohospodárska fakulta